01799nam a2200397 a 450000100060000000300080000600500170001400600190003100700150005000800410006502400100010603500230011603500240013903500250016303500210018804000260020905000220023508000080025708200120026510000290027724501830030626000490048930000110053850001020054952002500065153301640090165000400106565000360110565000390114165000370118065500270121770000410124470000350128571000190132085600620133951497FlNmELB20241216232319.0m o d | cr cn|||||||||201201r2012 cu |||||s|||||||||||spa d8 zTesis a(MiAaPQ)EBC3200726 a(Au-PeEL)EBL3200726 a(CaPaEBR)ebr10584010 a(OCoLC)929369949 aFlNmELBbspacFlNmELB 4aLA173bM3869 2012 a37804a3782221 aMartín Saura, Eduardo.10aMetodología para la preparación técnico-táctica con acento en las acciones de grupo en equipos de béisbol de alto nivelh[recurso electronico]cEduardo Martín 'Saura. aLa Habana :bEditorial Universitaria,c2012. a163 p. aTesis (doctorado) - Universidad de Ciencias de la Cultura Física y el Deporte "Manuel Fajardo". aRefiere la propuesta de una metodología para la preparación técnico - táctica en el béisbol de alto nivel, bajo los fundamentos de la metodología del entrenamiento deportivo, de las teorías pedagógicas, psicológicas y en lo ... aRecurso electrónico. Santa Fe, Arg.: e-libro, 2015. Disponible vía World Wide Web. El acceso puede estar limitado para las bibliotecas afiliadas a e-libro. 4aEducación.xEducación física. 4aEducation.xPhysical education. 4aDeportes y Recreación.xGeneral. 4aSports and Recreation.xGeneral. 4aLibros electrónicos.1 aMato Navelo Cabello, Rafael de.4drt1 aDeler Sarmiento, Pastora.4drt2 ae-libro, Corp.40uhttps://elibro.net/ereader/politecnicointernacional/90433